Cricket Leaders by Category - Statistics

General Stats
  • This quiz has been taken 276 times
  • The average score is 26 of 53
Answer Stats
Answer % Correct
Sachin Tendulkar
99%
Shane Warne
96%
Ricky Ponting
94%
Ricky Ponting
94%
Muttiah Muralitharan
90%
Don Bradman
89%
Jacques Kallis
84%
Rahul Dravid
83%
Brian Lara
81%
Anil Kumble
79%
Glenn McGrath
79%
Adam Gilchrist
77%
Graeme Smith
77%
Kumar Sangakkara
77%
Kapil Dev
76%
Courtney Walsh
67%
Ian Botham
67%
Imran Khan
61%
Richard Hadlee
61%
Mark Waugh
60%
Shaun Pollock
60%
MS Dhoni
58%
Allan Border
56%
Mark Boucher
56%
Mahela Jayawardene
55%
Chris Gayle
54%
Rod Marsh
49%
Viv Richards
48%
Virender Sehwag
46%
Curtly Ambrose
44%
Dale Steyn
43%
Malcolm Marshall
38%
Waqar Younis
38%
Ian Healy
33%
Daniel Vettori
31%
Dennis Lillee
31%
Chaminda Vaas
29%
Stephen Fleming
29%
Mark Taylor
28%
Ross Taylor
28%
Allan Donald
25%
Joel Garner
25%
Clive Lloyd
24%
Walter Hammond
22%
Herbert Sutcliffe
17%
Sydney Barnes
13%
Ken Barrington
12%
Fred Trueman
8%
Clarrie Grimmett
7%
Bob Simpson
5%
Everton Weekes
5%
Neil Harvey
4%
Stuart MacGill
2%
No matching quizzes found
Score Distribution
Percent of People with Each Score
Percentile by Number Answered
Your Score History
You have not taken this quiz